Journal of teaching in physical education / (Record no. 23653)
[ view plain ]
| 000 -LEADER | |
|---|---|
| fixed length control field | 00522nam a22001457a 4500 |
| 003 - CONTROL NUMBER IDENTIFIER | |
| control field | OSt |
| 005 - DATE AND TIME OF LATEST TRANSACTION | |
| control field | 20250827165311.0 |
| 008 - FIXED-LENGTH DATA ELEMENTS--GENERAL INFORMATION | |
| fixed length control field | 250827b |||||||| |||| 00| 0 eng d |
| 040 ## - CATALOGING SOURCE | |
| Transcribing agency | 0 |
| 082 ## - DEWEY DECIMAL CLASSIFICATION NUMBER | |
| Classification number | DPer 796.07 J826 July-October 2019 January-April 2020 v. 38, 39 n. 3-4, 1-2 |
| 245 ## - TITLE STATEMENT | |
| Title | Journal of teaching in physical education / |
| 260 ## - PUBLICATION, DISTRIBUTION, ETC. (IMPRINT) | |
| Place of publication, distribution, etc. | Champaigne, Illinois ; |
| Name of publisher, distributor, etc. | Human Kinetics, Inc. , |
| Date of publication, distribution, etc. | July-October 2019 January-April 2020. |
| 300 ## - PHYSICAL DESCRIPTION | |
| Extent | Volume 38-39, various paging : |
| Other physical details | illustrations ; |
| Dimensions | 28 cm. |
| 942 ## - ADDED ENTRY ELEMENTS (KOHA) | |
| Source of classification or shelving scheme | Dewey Decimal Classification |
| Koha item type | Periodicals |
| Withdrawn status | Lost status | Source of classification or shelving scheme | Damaged status | Not for loan | Collection code | Home library | Current library | Date acquired | Total Checkouts | Full call number | Date last seen | Price effective from | Koha item type | Public note |
|---|---|---|---|---|---|---|---|---|---|---|---|---|---|---|
| Dewey Decimal Classification | Periodicals | UM Digos College - LIC | UM Digos College - LIC | 09/06/2024 | DPer 796.07 J826 July-October 2019 January-April 2020 v. 38, 39 n. 3-4, 1-2 | 08/27/2025 | 09/06/2024 | Periodicals | Bound Periodical |
